zpět

Detail výsledku týmu

U Dvou dobráků PO, Opava

Datum a čas kvízu

30 Celkem bodů Celkový počet nahraných bodů na tomto kvízu bez doplňovacích otázek.
3. Pořadí na kvízu Konečné umístění týmu na tomto kvízu.

Zaznamenané odpovědi

# Otázka Odpověď Body Výsledky
1. Premiér Fiala se při své návšt... Horáková 1
2. Parlament jednoho evropského s... Spojené království (Velká Británie) 1
3. Ve čtvrtek proběhlo předávání... Hella, Alena Machoninová 0
4. České vývojářské studio Warhor... Kingdom Come: Deliverance 0
5. 21letý litevský reprezentant M... C) hod diskem 1
6. Jihoafrická republika má de fa... Kapské město; Bloemfontein 0.5
7. Chemický prvek hafnium dostal... o Kodaň 0
8. Zatímco některé země mají hlav... o Nauru 1
9. Které malebné a nepříliš lidna... Lublaň 0
10. Kazachstán drží rekord v přejm... Astana; Nur-Sultan 1